Проблематика і стилі сучасної шотландської новели (Запис № 282602)

МАРК-запис
000 -LEADER
fixed length control field 01627nam a22001577a 4500
041 ## - LANGUAGE CODE
Language code of text/sound track or separate title ukr
080 ## - UNIVERSAL DECIMAL CLASSIFICATION NUMBER
Universal Decimal Classification number 09
090 ## - LOCALLY ASSIGNED LC-TYPE CALL NUMBER (OCLC); LOCAL CALL NUMBER (OCLC)
Local cutter number (OCLC) ; Book number/undivided call number, CALL (RLIN) РАД
100 ## - MAIN ENTRY--PERSONAL NAME
Personal name Радзішевська, О. І.
245 ## - TITLE STATEMENT
Title Проблематика і стилі сучасної шотландської новели
260 ## - PUBLICATION, DISTRIBUTION, ETC. (IMPRINT)
Place of publication, distribution, etc Острог
Name of publisher, distributor, etc КАФ
Date of publication, distribution, etc 2004
300 ## - PHYSICAL DESCRIPTION
Extent 49
520 ## - SUMMARY, ETC.
Summary, etc Розділ 1. Теоретичні аспекти вивчення явища новели в сучасній літературі<br/>1.1 Особливості жанру новели<br/>1.2 Проблема жанрового розмежування новела і "short story"<br/>Розділ 2. Дослідження проблематики і стилів сучасної шотландської новели<br/>2.1 Вічні філософські питання у тематиці шотландських новел<br/>2.2 Зміни у світобаченні шотландця<br/>2.3 Людина і світ: приклади взаємовпливу<br/>2.4 Релігійний аспект проблематики шотландської новели<br/>Розділ 3. Шотландський характер новел<br/>3.1 Сучасні способи представлення шотландця<br/>3.2 Самоствердження шотландської новели на фоні британської літератури<br/>3.3 Американський вплив на сучасну шотландську новелістику
-- літературознавство, новела, Шотландія
650 ## - SUBJECT ADDED ENTRY--TOPICAL TERM
Topical term or geographic name as entry element Research Papers
942 ## - ADDED ENTRY ELEMENTS (KOHA)
Koha item type Книги
Фонди
Withdrawn status Lost status Source of classification or shelving scheme Damaged status Not for loan Home library Current library Date acquired Source of acquisition Coded location qualifier Cost, normal purchase price Total Checkouts Full call number Barcode Date last seen Price effective from Koha item type
    Universal Decimal Classification     ВІЛ - Відділ іноземн. літератури НБ ВІЛ - Відділ іноземн. літератури НБ 08/08/2005 Акт В12 1.00   09 210164 15/12/2021 16/12/2004 Книги